[Event "Nord West Cup 08th"]
[Site "Bad Zwischenahn"]
[Date "2006.02.03"]
[Round "2"]
[White "Paust, Wolf Dieter"]
[Black "Korsus, Bernd"]
[Result "0-1"]
[WhiteElo "2100"]
[BlackElo "2263"]
[PlyCount "94"]
[EventDate "2006.02.02"]
[EventType "swiss"]
[EventRounds "7"]
[EventCountry "GER"]
[SourceTitle "EXT 2007"]
[Source "ChessBase"]
[SourceDate "2006.11.23"]
[SourceVersion "1"]
[SourceVersionDate "2006.11.23"]
[SourceQuality "1"]

1. e4 c5 2. Nc3 e6 3. Bc4 a6 4. a4 Nc6 5. Nf3 Nf6 6. d3 d5 7. Bb3 Be7 8. 0-0 0-0 9. Bf4 b6 10. Re1 Bb7 11. e5 Nd7 12. Qd2 Re8 13. g4 Nf8 14. g5 c4 15. Ba2 Nb4 16. Bb1 d4 17. Ne4 cxd3 18. h4 dxc2 19. Bxc2 Nxc2 20. Qxc2 d3 21. Qd1 Qd5 22. h5 Rac8 23. Re3 Rc4 24. Nc3 Rxc3 25. bxc3 Rd8 26. Qd2 Bc5 27. Rae1 Bxe3 28. Rxe3 b5 29. a5 Qc4 30. Nd4 b4 31. Qxd3 Qd5 32. f3 bxc3 33. Re4 Qc5 34. Be3 Bxe4 35. Qxe4 Qxa5 36. Nc6 Rd1+ 37. Kg2 Qc7 38. Bc5 Rd2+ 39. Kg3 c2 40. Ba3 Qb6 41. Ne7+ Kh8 42. Qe1 Rd1 43. Qc3 Qg1+ 44. Kh3 Qf2 45. Ng6+ hxg6 46. Bxf8 Rh1+ 47. Kg4 Rh4# 0-1

[Event "Nord West Cup 05th"]
[Site "Bad Zwischenahn"]
[Date "2003.??.??"]
[Round "2"]
[White "Paust, Wolf Dieter"]
[Black "Meins, Gerlef"]
[Result "0-1"]
[WhiteElo "2107"]
[BlackElo "2436"]
[PlyCount "84"]
[EventDate "2003.02.??"]
[EventType "swiss"]
[EventRounds "7"]
[EventCountry "GER"]
[SourceTitle "EXT 2004"]
[Source "ChessBase"]
[SourceDate "2003.11.25"]
[SourceVersion "1"]
[SourceVersionDate "2003.11.25"]
[SourceQuality "1"]

1. e4 c5 2. Nf3 Nc6 3. Bc4 e6 4. Nc3 Nf6 5. d3 d5 6. Bb3 Be7 7. 0-0 0-0 8. Bf4 a6 9. a4 b6 10. Re1 Ra7 11. h3 h6 12. e5 Nh7 13. Ne2 f5 14. exf6 Bxf6 15. d4 Raf7 16. c3 Be7 17. Bg3 Rxf3 18. gxf3 Ng5 19. f4 Nf3+ 20. Kg2 Nxe1+ 21. Qxe1 cxd4 22. Nxd4 Nxd4 23. cxd4 Bd6 24. Rc1 Qf6 25. Rc6 Bb8 26. Qe3 Qd8 27. Bc2 Bd7 28. Rc3 Qf6 29. Qd3 a5 30. b3 Bd6 31. Qh7+ Kf7 32. Rf3 Ke7 33. f5 Bxg3 34. fxg3 Kd6 35. Rf4 exf5 36. g4 Qg5 37. Kg3 fxg4 38. Rxf8 gxh3+ 39. Kf2 h2 40. Be4 dxe4 41. Qxe4 Qg1+ 42. Ke2 Qg4+ 0-1

[Event "BL2-Nord 0102"]
[Site "Germany"]
[Date "2002.03.17"]
[Round "7.8"]
[White "Bachmann, Andreas"]
[Black "Paust, Wolf Dieter"]
[Result "1/2-1/2"]
[WhiteElo "2303"]
[BlackElo "2107"]
[PlyCount "169"]
[EventDate "2001.10.07"]
[EventType "team-tourn"]
[EventRounds "9"]
[EventCountry "GER"]
[SourceTitle "CBM 088 Extra"]
[Source "ChessBase"]
[SourceDate "2002.07.01"]
[SourceVersion "2"]
[SourceVersionDate "2002.07.01"]
[SourceQuality "1"]
[WhiteTeam "Kreuzberg"]
[BlackTeam "Oldenburg Union"]
[WhiteTeamCountry "GER"]
[BlackTeamCountry "GER"]

1. d4 d5 2. Nf3 Nf6 3. c4 dxc4 4. Qa4+ Nbd7 5. Nc3 e6 6. e4 Be7 7. Bxc4 0-0 8. 0-0 Nb6 9. Qb3 Nxc4 10. Qxc4 c6 11. Be3 Bd7 12. h3 Rc8 13. Rfd1 Qc7 14. Rac1 Rfd8 15. a3 b6 16. b4 Qb7 17. Bf4 Be8 18. Qe2 a5 19. bxa5 b5 20. Nb1 c5 21. dxc5 Rxd1+ 22. Rxd1 Bxc5 23. Be3 Bxe3 24. Qxe3 Qxe4 25. Qxe4 Nxe4 26. Nbd2 Rd8 27. Kf1 Kf8 28. Ke1 Nxd2 29. Rxd2 Ra8 30. Rd3 Ke7 31. Nd4 Rxa5 32. Kd2 Ra4 33. Ke3 g6 34. f4 b4 35. axb4 Rxb4 36. Ra3 Rb7 37. Kf3 Rb4 38. Ke3 h5 39. Rc3 Rb2 40. Kf3 f6 41. Re3 Rb6 42. Kf2 Bf7 43. g4 Kd6 44. Kg3 Kc5 45. Nf3 Kd6 46. g5 Ke7 47. Ra3 Rb7 48. Ra8 fxg5 49. Nxg5 Kf6 50. Ne4+ Kg7 51. Ng5 Rb3+ 52. Kg2 Rb2+ 53. Kg3 Rb3+ 54. Kg2 Rb7 55. Kg3 Rd7 56. Ra6 e5 57. fxe5 Rd5 58. Nxf7 Kxf7 59. h4 Rb5 60. Rc6 Rb3+ 61. Kg2 Re3 62. Ra6 Rxe5 63. Ra3 Re4 64. Kg3 Ke6 65. Rb3 Kf5 66. Rf3+ Ke5 67. Ra3 Rg4+ 68. Kh3 Rd4 69. Kg3 Ke4 70. Ra6 Rd1 71. Ra4+ Ke3 72. Ra3+ Ke4 73. Ra4+ Ke3 74. Ra3+ Ke2 75. Ra2+ Kf1 76. Ra6 Rd2 77. Ra1+ Ke2 78. Ra6 Rd3+ 79. Kg2 Rd4 80. Re6+ Kd3 81. Rxg6 Rxh4 82. Kg3 Rh1 83. Kg2 Ra1 84. Rg5 h4 85. Rg4 1/2-1/2

[Event "Nord West Cup 3rd"]
[Site "Oldenburg"]
[Date "2001.02.04"]
[Round "6"]
[White "Paust, Wolf Dieter"]
[Black "Jordan, Juergen"]
[Result "0-1"]
[WhiteElo "2123"]
[BlackElo "2022"]
[PlyCount "92"]
[EventDate "2001.02.01"]
[EventType "swiss"]
[EventRounds "7"]
[EventCountry "GER"]
[SourceTitle "EXT 2002"]
[Source "ChessBase"]
[SourceDate "2001.11.25"]
[SourceVersion "1"]
[SourceVersionDate "2001.11.25"]
[SourceQuality "1"]

1. e4 c5 2. Nc3 e6 3. Bc4 g6 4. d3 Bg7 5. Bf4 d6 6. Qd2 Nc6 7. Nge2 a6 8. a4 h6 9. f3 Nge7 10. 0-0 d5 11. Bb3 d4 12. Nd1 e5 13. Bg3 g5 14. a5 Ng6 15. Be1 h5 16. c3 Nxa5 17. Rxa5 Qxa5 18. Qxg5 Qb6 19. Ba4+ Kf8 20. b4 cxb4 21. cxd4 Bh6 22. Qg3 h4 23. Qf2 Nf4 24. Nxf4 Bxf4 25. Qb2 Qxd4+ 26. Qxd4 exd4 27. Bxb4+ Kg8 28. Bc5 Rh6 29. Bxd4 Rd6 30. Bf2 Rxd3 31. Bxh4 b5 32. Bc2 Rd2 33. Bb3 Be6 34. Bxe6 fxe6 35. g3 Bc7 36. Bg5 Bb6+ 37. Kh1 Re2 38. Nc3 Rc2 39. Nb1 Rac8 40. Rd1 Re2 41. h4 Rcc2 42. Nd2 Ba5 43. Nf1 Re1 44. Rxe1 Bxe1 45. Ne3 Re2 46. Nf1 b4 0-1

[Event "Nord West Cup 3rd"]
[Site "Oldenburg"]
[Date "2001.02.03"]
[Round "5"]
[White "Haase, Sven"]
[Black "Paust, Wolf Dieter"]
[Result "0-1"]
[WhiteElo "1760"]
[BlackElo "2124"]
[PlyCount "112"]
[EventDate "2001.02.01"]
[EventType "swiss"]
[EventRounds "7"]
[EventCountry "GER"]
[SourceTitle "EXT 2010"]
[Source "ChessBase"]
[SourceDate "2010.11.25"]
[SourceVersion "1"]
[SourceVersionDate "2010.11.25"]
[SourceQuality "1"]

1. e4 c5 2. Nc3 Nc6 3. g3 g6 4. Bg2 Bg7 5. d3 Nf6 6. f4 0-0 7. Nf3 d5 8. e5 Ne8 9. d4 cxd4 10. Nxd4 Nc7 11. 0-0 f6 12. exf6 Bxf6 13. Be3 e6 14. Nxc6 bxc6 15. Bd4 Rb8 16. Rb1 a5 17. Re1 Qe7 18. Na4 Bxd4+ 19. Qxd4 Rb4 20. Qc5 Qxc5+ 21. Nxc5 Rc4 22. Nd3 Rxc2 23. Rbc1 Rd2 24. Rxc6 Nb5 25. Rb6 Nd4 26. Ne5 g5 27. Nf3 Nxf3+ 28. Bxf3 gxf4 29. g4 Rc2 30. h4 Kf7 31. g5 Kg6 32. Bxd5 Kh5 33. Be4 Rc7 34. Rb5 Kxh4 35. Kf2 e5 36. Rxe5 Bh3 37. Rxa5 Rd7 38. Re2 Bg4 39. Bf3 Rd3 40. Bxg4 Kxg4 41. Ra7 Rh3 42. Rae7 Rh2+ 43. Kf1 Rxe2 44. Rxe2 f3 45. Rd2 Kg3 46. g6 hxg6 47. Rd5 Rf6 48. a4 Rc6 49. Rg5+ Kf4 50. Rb5 g5 51. a5 g4 52. Ke1 Rc1+ 53. Kd2 Ra1 54. Kc3 f2 55. Rb8 f1Q 56. Rf8+ Kg3 0-1

[Event "Biel MTO op"]
[Site "Biel"]
[Date "2000.07.31"]
[Round "7"]
[White "Lada, Ireneusz"]
[Black "Paust, Wolf Dieter"]
[Result "1-0"]
[WhiteElo "2182"]
[BlackElo "2124"]
[PlyCount "140"]
[EventDate "2000.07.24"]
[EventType "swiss"]
[EventRounds "11"]
[EventCountry "SUI"]
[SourceTitle "CBM 077 Extra"]
[Source "ChessBase"]
[SourceDate "2000.09.14"]
[SourceVersion "1"]
[SourceVersionDate "2000.09.14"]
[SourceQuality "1"]

1. c4 e5 2. Nc3 Nc6 3. Nf3 Bc5 4. e3 d6 5. a3 a5 6. d4 Bb6 7. Be2 Nf6 8. 0-0 0-0 9. b3 Nd7 10. Nd5 Ba7 11. Bb2 f6 12. b4 Bb8 13. Qc2 Ne7 14. Nxe7+ Qxe7 15. Bd3 g6 16. c5 d5 17. e4 c6 18. exd5 cxd5 19. Qb3 Qf7 20. dxe5 Nxe5 21. Nxe5 Bxe5 22. f4 Bc7 23. b5 a4 24. Qc2 Rd8 25. b6 Bb8 26. Rae1 Bd7 27. g3 Rc8 28. Re3 Bd6 29. Bd4 Ra5 30. cxd6 Rxc2 31. Bxc2 Qf8 32. Re7 Qc8 33. Bd3 Rc5 34. Rxd7 Qxd7 35. Bxc5 Qc6 36. Rc1 d4 37. Kf2 Kg7 38. Rc2 Qh1 39. Bf1 Qe4 40. Re2 Qd5 41. Bb4 d3 42. Re7+ Kh6 43. Bd2 Qxd6 44. Re3 Qxb6 45. Bxd3 Qb2 46. Ke2 f5 47. h3 Qxa3 48. Bxf5 Qb2 49. Be6 Kg7 50. Ke1 Kf8 51. Re2 b5 52. f5 Qa1+ 53. Kf2 Kg7 54. Bf4 Qd4+ 55. Kg2 Kf6 56. Be5+ Qxe5 57. Rxe5 Kxe5 58. fxg6 hxg6 59. Bf7 a3 60. h4 b4 61. g4 Kd4 62. g5 Kc3 63. h5 gxh5 64. g6 b3 65. Bxb3 Kxb3 66. g7 a2 67. g8Q+ Kb2 68. Qb8+ Kc2 69. Qc7+ Kb2 70. Qb6+ Ka1 1-0

[Event "Biel MTO op"]
[Site "Biel"]
[Date "2000.07.27"]
[Round "4"]
[White "Paust, Wolf Dieter"]
[Black "Gurieli, Nino"]
[Result "0-1"]
[WhiteElo "2124"]
[BlackElo "2373"]
[PlyCount "62"]
[EventDate "2000.07.24"]
[EventType "swiss"]
[EventRounds "11"]
[EventCountry "SUI"]
[SourceTitle "CBM 077 Extra"]
[Source "ChessBase"]
[SourceDate "2000.09.14"]
[SourceVersion "1"]
[SourceVersionDate "2000.09.14"]
[SourceQuality "1"]

1. e4 g6 2. d4 Bg7 3. f4 d5 4. e5 c5 5. c3 cxd4 6. cxd4 Nc6 7. Be3 Nh6 8. Nf3 Bg4 9. Nc3 Nf5 10. Bf2 Bxf3 11. Qxf3 Nfxd4 12. Bxd4 Nxd4 13. Qd3 Nc6 14. Qxd5 Qb6 15. 0-0-0 Rd8 16. Qe4 Rxd1+ 17. Nxd1 0-0 18. Be2 Rd8 19. Rf1 Rd4 20. Qc2 Bh6 21. g3 Nxe5 22. Kb1 Nc6 23. Ne3 Bg7 24. Nc4 Qc5 25. Rc1 Rd8 26. Qe4 Qf2 27. Ne5 Bxe5 28. fxe5 Rd2 29. Bc4 Rxb2+ 30. Ka1 Rb4 31. Qc2 Qd4+ 0-1

[Event "Nord West Cup"]
[Site "Oldenburg"]
[Date "2000.02.12"]
[Round "5"]
[White "Paust, Wolf Dieter"]
[Black "Wittje, Berthold"]
[Result "0-1"]
[WhiteElo "2133"]
[BlackElo "2221"]
[PlyCount "61"]
[EventDate "2000.??.??"]
[EventType "swiss"]
[EventRounds "7"]
[EventCountry "GER"]
[SourceTitle "EXT 2002"]
[Source "ChessBase"]
[SourceDate "2001.11.25"]
[SourceVersion "1"]
[SourceVersionDate "2001.11.25"]
[SourceQuality "1"]

1. e4 Nf6 2. Nc3 e5 3. Nf3 Nc6 4. d4 exd4 5. Nd5 Nb4 6. Bc4 Nbxd5 7. exd5 Bb4+ 8. Kf1 0-0 9. Qxd4 Re8 10. Bg5 Be7 11. h4 d6 12. h5 h6 13. Bd2 Bf5 14. Bc3 c5 15. dxc6 bxc6 16. Bb3 Be4 17. Rh3 d5 18. Rg3 c5 19. Qd2 Nxh5 20. Rh3 Nf6 21. Ne5 Qc8 22. Re1 Qa6+ 23. Kg1 c4 24. Rxe4 Nxe4 25. Qxd5 Ng5 26. Rg3 cxb3 27. Rxg5 Qe6 28. Qxe6 fxe6 29. Rg6 bxc2 30. Nd7 c1Q+ 31. Kh2 0-1

[Event "Nord West Cup"]
[Site "Oldenburg"]
[Date "2000.02.10"]
[Round "1"]
[White "Radczewill, Horst"]
[Black "Paust, Wolf Dieter"]
[Result "0-1"]
[WhiteElo "1545"]
[BlackElo "2133"]
[PlyCount "64"]
[EventDate "2000.??.??"]
[EventType "swiss"]
[EventRounds "7"]
[EventCountry "GER"]
[SourceTitle "EXT 2002"]
[Source "ChessBase"]
[SourceDate "2001.11.25"]
[SourceVersion "1"]
[SourceVersionDate "2001.11.25"]
[SourceQuality "1"]

1. e4 c5 2. Nf3 Nc6 3. Be2 d5 4. exd5 Qxd5 5. Nc3 Qd7 6. d3 b6 7. Bf4 Bb7 8. 0-0 f6 9. Re1 e5 10. Bg3 Nge7 11. h3 Nf5 12. Bh2 h5 13. Nd2 g6 14. f4 Qd4+ 15. Kh1 Ne3 16. Qc1 Ng4 17. hxg4 hxg4 18. Bxg4 Rxh2+ 19. Kxh2 Qxf4+ 20. Kg1 Qd4+ 21. Kh1 Qxg4 22. Nf3 Nd4 23. Ne4 Qh5+ 24. Nh2 Be7 25. Qd2 0-0-0 26. Ng3 Qh4 27. Re3 f5 28. Ngf1 f4 29. Rxe5 f3 30. Kg1 fxg2 31. Rxe7 gxf1Q+ 32. Rxf1 Qg3+ 0-1

[Event "Berliner Sommer 16th"]
[Site "Berlin"]
[Date "1998.??.??"]
[Round "3"]
[White "Paust, Wolf Dieter"]
[Black "Mittelman, Gur"]
[Result "0-1"]
[WhiteElo "2120"]
[BlackElo "2410"]
[PlyCount "70"]
[EventDate "1998.08.08"]
[EventType "swiss"]
[EventRounds "9"]
[EventCountry "GER"]
[SourceTitle "CBM 066 Extra"]
[Source "ChessBase"]
[SourceDate "1998.11.06"]
[SourceVersion "1"]
[SourceVersionDate "1998.11.06"]
[SourceQuality "1"]

1. e4 c6 2. Nc3 d5 3. d3 e5 4. Bd2 Nf6 5. Nf3 Bd6 6. exd5 cxd5 7. Nb5 0-0 8. Nxd6 Qxd6 9. Be2 Nc6 10. 0-0 e4 11. Ne1 Nd4 12. h3 b6 13. dxe4 dxe4 14. Bc3 Rd8 15. Bxd4 Qxd4 16. Qxd4 Rxd4 17. Kh2 Rd2 18. Bc4 Bb7 19. a4 Rc8 20. Bb3 Ba6 21. Rg1 Rxf2 22. a5 Bb7 23. axb6 axb6 24. Ra7 Bd5 25. Bxd5 Nxd5 26. Kg3 Rf6 27. c4 Ne3 28. b3 h5 29. Kh4 Nf5+ 30. Kg5 Ng3 31. Kh4 Ne2 32. Rh1 Rc5 33. Ra8+ Kh7 34. g4 g5+ 35. Kxh5 Rh6# 0-1

[Event "Berliner Sommer 14th"]
[Site "Berlin"]
[Date "1996.??.??"]
[Round "5"]
[White "Schoen, Wolfram"]
[Black "Paust, Wolf Dieter"]
[Result "1/2-1/2"]
[WhiteElo "2420"]
[BlackElo "2115"]
[PlyCount "118"]
[EventDate "1996.08.??"]
[EventType "swiss"]
[EventRounds "9"]
[EventCountry "GER"]
[SourceTitle "CBM 054 Extra"]
[Source "ChessBase"]
[SourceDate "1996.11.01"]
[SourceVersion "1"]
[SourceVersionDate "1996.11.01"]
[SourceQuality "1"]

1. d4 d5 2. c4 dxc4 3. Nf3 Nf6 4. e3 Bf5 5. Bxc4 Nbd7 6. Nc3 e6 7. 0-0 Nb6 8. Bb3 Bd6 9. Qe2 Ne4 10. Nxe4 Bxe4 11. Nd2 Bc6 12. e4 Qd7 13. Rd1 a5 14. Nc4 Bb5 15. Nxd6+ cxd6 16. Qg4 Kf8 17. Bf4 a4 18. Bc2 e5 19. Qxd7 Nxd7 20. dxe5 dxe5 21. Bd2 f6 22. Bb4+ Ke8 23. Bd3 Bxd3 24. Rxd3 Nb8 25. Rad1 Nc6 26. Bc3 Rf8 27. Rd7 Rd8 28. Rxd8+ Nxd8 29. Rd5 Nc6 30. Kf1 Rf7 31. Rc5 Rc7 32. a3 Kd7 33. Ke2 b6 34. Rd5+ Kc8 35. Kd3 Kb7 36. g3 Ka6 37. f4 exf4 38. gxf4 Kb7 39. Bd2 Re7 40. Be3 Ka6 41. h4 Rf7 42. h5 b5 43. Rd6 Kb7 44. Ke2 g6 45. h6 Re7 46. Kf3 Rf7 47. Re6 f5 48. e5 Kc7 49. Re8 Kd7 50. Rg8 Ke6 51. Ke2 Rd7 52. Bc5 Kd5 53. Be3 Re7 54. Kd3 b4 55. Ra8 bxa3 56. bxa3 g5 57. Rxa4 gxf4 58. Bxf4 Nxe5+ 59. Bxe5 Kxe5 1/2-1/2

[Event "Berliner Sommer 14th"]
[Site "Berlin"]
[Date "1996.??.??"]
[Round "7"]
[White "Shabtai, Ran"]
[Black "Paust, Wolf Dieter"]
[Result "1-0"]
[WhiteElo "2325"]
[BlackElo "2115"]
[PlyCount "43"]
[EventDate "1996.08.??"]
[EventType "swiss"]
[EventRounds "9"]
[EventCountry "GER"]
[SourceTitle "CBM 054 Extra"]
[Source "ChessBase"]
[SourceDate "1996.11.01"]
[SourceVersion "1"]
[SourceVersionDate "1996.11.01"]
[SourceQuality "1"]

1. d4 d5 2. Nf3 Nf6 3. c4 dxc4 4. e3 Bf5 5. Bxc4 Nbd7 6. 0-0 e6 7. Nc3 Bd6 8. Qe2 Bg4 9. h3 h5 10. e4 e5 11. hxg4 hxg4 12. Ng5 exd4 13. Bxf7+ Kf8 14. Ne6+ Ke7 15. e5 Rh1+ 16. Kxh1 Qh8+ 17. Kg1 Nxe5 18. Bf4 Qh4 19. g3 Qh7 20. Bxe5 Rh8 21. Bxf6+ Kd7 22. Nf8+ 1-0

[Event "Wichern op 3rd"]
[Site "Hamburg"]
[Date "1995.??.??"]
[Round "4"]
[White "Paust, Wolf Dieter"]
[Black "Hennig, Dirk"]
[Result "1-0"]
[WhiteElo "2100"]
[BlackElo "2365"]
[PlyCount "95"]
[EventDate "1995.09.??"]
[EventType "swiss"]
[EventRounds "9"]
[EventCountry "GER"]
[SourceTitle "EXT 1997"]
[Source "ChessBase"]
[SourceDate "1996.11.15"]
[SourceVersion "1"]
[SourceVersionDate "1996.11.15"]
[SourceQuality "1"]

1. e4 c6 2. d3 d5 3. Nc3 Nf6 4. Nf3 dxe4 5. dxe4 Qxd1+ 6. Kxd1 Bg4 7. Bf4 Nbd7 8. Kc1 Bxf3 9. gxf3 g6 10. a4 Bg7 11. h4 Nh5 12. Be3 Be5 13. Ne2 Bc7 14. a5 Ne5 15. Nd4 a6 16. Be2 Nd7 17. Rd1 Bf4 18. Ra4 Ne5 19. Nb3 Bxe3+ 20. fxe3 Ng3 21. Kd2 0-0-0+ 22. Ke1 Nxe2 23. Rxd8+ Rxd8 24. Kxe2 Rd6 25. f4 Ng4 26. Nc5 f5 27. e5 Rd5 28. b4 Rd8 29. Ra1 h6 30. Ne6 Rg8 31. Rd1 g5 32. hxg5 hxg5 33. Rh1 gxf4 34. exf4 Kb8 35. Rh7 Re8 36. Rf7 Nh6 37. Rh7 Ng4 38. Kf3 b6 39. Rh5 c5 40. c3 cxb4 41. cxb4 bxa5 42. bxa5 Rc8 43. Rxf5 Nh2+ 44. Ke4 Rc4+ 45. Kd5 Ra4 46. Rf8+ Ka7 47. Kc6 Nf3 48. Re8 1-0

[Event "Oberliga Nord N 9495"]
[Site "Germany"]
[Date "1995.??.??"]
[Round "?"]
[White "Paust, Wolf Dieter"]
[Black "Kopisch, Martin"]
[Result "0-1"]
[WhiteElo "2115"]
[BlackElo "2215"]
[PlyCount "112"]
[EventDate "1994.10.??"]
[EventType "team"]
[EventRounds "9"]
[EventCountry "GER"]
[SourceTitle "EXT 1999"]
[Source "ChessBase"]
[SourceDate "1998.11.16"]
[SourceVersion "1"]
[SourceVersionDate "1998.11.16"]
[SourceQuality "1"]

1. e4 Nf6 2. e5 Nd5 3. d4 d6 4. Nf3 Nb6 5. Nc3 g6 6. Bf4 Bg4 7. Qd2 N8d7 8. 0-0-0 e6 9. d5 Bxf3 10. gxf3 dxe5 11. dxe6 fxe6 12. Bg5 Be7 13. Bh6 Bf8 14. a4 a5 15. Bg5 Be7 16. Bh6 Bf8 17. h4 Bxh6 18. Qxh6 Qf6 19. Bh3 0-0-0 20. Ne4 Qxf3 21. Ng5 Qf4+ 22. Kb1 Nc5 23. Qg7 Rhe8 24. Nf7 Rxd1+ 25. Rxd1 Qxh4 26. Nxe5 Qe7 27. Qxe7 Rxe7 28. b3 c6 29. Kb2 Kc7 30. c4 Ne4 31. Bg2 Nf6 32. f4 Nbd7 33. Nf3 Nh5 34. Rd4 Ndf6 35. Ne5 Nd7 36. Nf3 Ng7 37. Ng5 Nf5 38. Re4 Nf8 39. Kc3 h6 40. Nf3 Nd7 41. Nd4 Nxd4 42. Kxd4 Kd6 43. Re1 Rf7 44. Ke3 Ke7 45. Rh1 h5 46. Be4 Kf6 47. Rg1 Rg7 48. Rg5 e5 49. Rg1 exf4+ 50. Kxf4 Nc5 51. Bc2 g5+ 52. Ke3 Re7+ 53. Kd4 Ne6+ 54. Kc3 Nf4 55. Rd1 g4 56. Rd8 g3 0-1

[Event "Oberliga Nord N 9495"]
[Site "Germany"]
[Date "1994.??.??"]
[Round "?"]
[White "Paust, Wolf Dieter"]
[Black "Lampe, Dirk"]
[Result "0-1"]
[WhiteElo "2115"]
[BlackElo "2250"]
[PlyCount "78"]
[EventDate "1994.10.??"]
[EventType "team"]
[EventRounds "9"]
[EventCountry "GER"]
[SourceTitle "EXT 1999"]
[Source "ChessBase"]
[SourceDate "1998.11.16"]
[SourceVersion "1"]
[SourceVersionDate "1998.11.16"]
[SourceQuality "1"]

1. e4 c5 2. Nc3 Nc6 3. Bc4 g6 4. d3 Bg7 5. Bf4 d6 6. Qd2 Nf6 7. Nge2 0-0 8. Bh6 Na5 9. f3 e6 10. Bxg7 Kxg7 11. Nf4 a6 12. a4 b6 13. 0-0 Qe7 14. Rfe1 Bb7 15. Ba2 Nc6 16. Rad1 Nd7 17. Nce2 Nb4 18. Bb1 e5 19. c3 Nc6 20. Nd5 Qd8 21. d4 b5 22. axb5 axb5 23. b4 cxb4 24. cxb4 Nb6 25. Bd3 Nxd5 26. exd5 Ne7 27. dxe5 dxe5 28. Qe3 Nxd5 29. Qxe5+ Kg8 30. Qd4 Qg5 31. Be4 Ne3 32. Nf4 Qxf4 33. Qxe3 Qxe3+ 34. Rxe3 Bxe4 35. Rxe4 Ra2 36. Kf1 Rc8 37. Re2 Ra4 38. Re4 Rc2 39. Rd8+ Kg7 0-1

[Event "Wichern op 2nd"]
[Site "Hamburg"]
[Date "1993.??.??"]
[Round "6"]
[White "Krasenkow, Michal"]
[Black "Paust, Wolf Dieter"]
[Result "1-0"]
[WhiteElo "2595"]
[BlackElo "2220"]
[PlyCount "39"]
[EventDate "1993.10.??"]
[EventType "swiss"]
[EventRounds "9"]
[EventCountry "GER"]
[SourceTitle "EXT 1997"]
[Source "ChessBase"]
[SourceDate "1996.11.15"]
[SourceVersion "1"]
[SourceVersionDate "1996.11.15"]
[SourceQuality "1"]

1. e4 e5 2. Nf3 Nc6 3. Bb5 Qf6 4. Nc3 Nge7 5. d3 Qg6 6. 0-0 d6 7. Ne1 Be6 8. f4 exf4 9. Bxf4 0-0-0 10. d4 d5 11. Bxc6 Nxc6 12. exd5 Bxd5 13. Nxd5 Rxd5 14. c3 Bd6 15. Qf3 Rf5 16. Nd3 Re8 17. Qh3 Re6 18. Bxd6 Rh5 19. Qf3 Rf6 20. Nf4 1-0

[Event "Wichern op 2nd"]
[Site "Hamburg"]
[Date "1993.??.??"]
[Round "7"]
[White "Paust, Wolf Dieter"]
[Black "Heilemann, Manfred"]
[Result "0-1"]
[WhiteElo "2220"]
[BlackElo "2285"]
[PlyCount "46"]
[EventDate "1993.10.??"]
[EventType "swiss"]
[EventRounds "9"]
[EventCountry "GER"]
[SourceTitle "EXT 1997"]
[Source "ChessBase"]
[SourceDate "1996.11.15"]
[SourceVersion "1"]
[SourceVersionDate "1996.11.15"]
[SourceQuality "1"]

1. e4 e5 2. Nf3 Nc6 3. Nc3 d6 4. Bc4 Be6 5. d3 Bxc4 6. dxc4 Nf6 7. Be3 Qd7 8. Qe2 Be7 9. 0-0-0 Ng4 10. Nd5 Nxe3 11. Nxe3 0-0-0 12. c3 g6 13. g4 h5 14. h3 Qe6 15. g5 Rdf8 16. h4 f6 17. Rhg1 fxg5 18. hxg5 Rf7 19. Nh4 Rf4 20. Rh1 Bxg5 21. Nf3 Bh6 22. Rdg1 Qf6 23. Rh3 Rf8 0-1

[Event "Wichern op 2nd"]
[Site "Hamburg"]
[Date "1993.??.??"]
[Round "5"]
[White "Paust, Wolf Dieter"]
[Black "Reddmann, Hauke"]
[Result "1-0"]
[WhiteElo "2220"]
[BlackElo "2290"]
[PlyCount "119"]
[EventDate "1993.10.??"]
[EventType "swiss"]
[EventRounds "9"]
[EventCountry "GER"]
[SourceTitle "EXT 1997"]
[Source "ChessBase"]
[SourceDate "1996.11.15"]
[SourceVersion "1"]
[SourceVersionDate "1996.11.15"]
[SourceQuality "1"]

1. e4 c5 2. Nc3 g6 3. Bc4 Nc6 4. d3 Bg7 5. Bf4 d6 6. Qd2 h6 7. Nge2 Nf6 8. f3 Na5 9. Bb3 a6 10. 0-0 Bd7 11. e5 dxe5 12. Bxe5 0-0 13. Qe3 Nxb3 14. axb3 Rc8 15. d4 c4 16. bxc4 Rxc4 17. Rfd1 Bf5 18. Rd2 g5 19. Ng3 Bg6 20. d5 Qc8 21. Re1 Rd8 22. d6 exd6 23. Bxf6 Bxf6 24. Nd5 Kg7 25. Nxf6 Kxf6 26. Rxd6+ Kg7 27. Qe5+ Kh7 28. c3 Rxd6 29. Qxd6 Rc6 30. Qd4 Re6 31. Rxe6 Qxe6 32. Ne4 f5 33. Nf6+ Kg7 34. Nd7+ Kg8 35. Ne5 Be8 36. h3 f4 37. Kf2 Kf8 38. Ng4 Kf7 39. Ne5+ Ke7 40. Ng4 h5 41. Qg7+ Kd6 42. Qd4+ Kc7 43. Nf6 Bc6 44. c4 Qd6 45. Qc3 Qc5+ 46. Kf1 b5 47. b3 b4 48. Qd2 a5 49. h4 Qe5 50. hxg5 Qxg5 51. Qd4 a4 52. bxa4 b3 53. Nd5+ Bxd5 54. cxd5 b2 55. Qc5+ Kb7 56. Qb5+ Ka7 57. Qxb2 Qxd5 58. Qg7+ Ka6 59. Qf6+ Ka5 60. Qxf4 1-0

[Event "Wichern op 2nd"]
[Site "Hamburg"]
[Date "1993.??.??"]
[Round "2"]
[White "Paust, Wolf Dieter"]
[Black "Schirm, Friedmar"]
[Result "0-1"]
[WhiteElo "2220"]
[BlackElo "2310"]
[PlyCount "62"]
[EventDate "1993.10.??"]
[EventType "swiss"]
[EventRounds "9"]
[EventCountry "GER"]
[SourceTitle "EXT 1997"]
[Source "ChessBase"]
[SourceDate "1996.11.15"]
[SourceVersion "1"]
[SourceVersionDate "1996.11.15"]
[SourceQuality "1"]

1. e4 c5 2. Nf3 Nc6 3. Nc3 d6 4. Bc4 Nf6 5. d3 e6 6. Bf4 Be7 7. Qd2 0-0 8. 0-0 a6 9. a4 d5 10. Bb3 Nd4 11. Nxd4 cxd4 12. Ne2 dxe4 13. dxe4 Nxe4 14. Qxd4 Qxd4 15. Nxd4 Bf6 16. Rad1 e5 17. Rfe1 Nxf2 18. Kxf2 exf4 19. Re4 Bg4 20. Rde1 Rad8 21. c3 g5 22. h4 h6 23. g3 fxg3+ 24. Kxg3 Bh5 25. hxg5 hxg5 26. Rf1 Bg6 27. Nf5 Rfe8 28. Rb4 Rd3+ 29. Kg4 Re2 30. Ng3 Rg2 31. Rf3 Bf5+ 0-1

[Event "Lugano op"]
[Site "Lugano"]
[Date "1989.03.10"]
[Round "8"]
[White "Pantaleoni, Claudio"]
[Black "Paust, Wolf Dieter"]
[Result "1-0"]
[WhiteElo "2245"]
[BlackElo "2220"]
[PlyCount "49"]
[EventDate "1989.03.03"]
[EventType "swiss"]
[EventRounds "9"]
[EventCountry "SUI"]
[SourceTitle "TD"]
[Source "ChessBase"]
[SourceDate "1994.03.01"]
[SourceVersion "1"]
[SourceVersionDate "1994.03.01"]
[SourceQuality "1"]

1. c4 e5 2. g3 Nf6 3. Bg2 Nc6 4. Nc3 Be7 5. Nf3 0-0 6. d4 exd4 7. Nxd4 Ne5 8. b3 Bb4 9. Bd2 Re8 10. 0-0 c6 11. Nc2 Bc5 12. Bg5 d5 13. cxd5 Qa5 14. b4 Bxb4 15. Nxb4 Qxb4 16. Bxf6 Qxc3 17. Rc1 Qa5 18. Bxe5 Rxe5 19. dxc6 bxc6 20. Bxc6 Rb8 21. Qd6 Rb2 22. Bb5 Qxb5 23. Qxe5 Bh3 24. Qxb5 Rxb5 25. Rb1 1-0